Nature on view : (Record no. 14691)
[ view plain ]
| 000 -LEADER | |
|---|---|
| fixed length control field | 00640nam a22001817a 4500 |
| 008 - FIXED-LENGTH DATA ELEMENTS--GENERAL INFORMATION | |
| fixed length control field | 161007b xxu||||| |||| 00| 0 eng d |
| 020 ## - INTERNATIONAL STANDARD BOOK NUMBER | |
| International Standard Book Number | 0834802996 |
| 020 ## - INTERNATIONAL STANDARD BOOK NUMBER | |
| International Standard Book Number | 9780834802995 |
| 050 ## - LIBRARY OF CONGRESS CALL NUMBER | |
| Classification number | NA 7208 .R36 1993 |
| 100 ## - MAIN ENTRY--PERSONAL NAME | |
| Personal name | Rao,Peggy Landers |
| 245 ## - TITLE STATEMENT | |
| Title | Nature on view : |
| Remainder of title | homes and gardens inspired by Japan |
| Statement of responsibility, etc. | Peggy Landers Rao and Jean Mahoney |
| 260 ## - PUBLICATION, DISTRIBUTION, ETC. (IMPRINT) | |
| Place of publication, distribution, etc. | Tokyo : |
| Name of publisher, distributor, etc. | Weatherhill, |
| Date of publication, distribution, etc. | c1993 |
| 300 ## - PHYSICAL DESCRIPTION | |
| Extent | 191p. : |
| Other physical details | ill. ; |
| Dimensions | 28cm |
| 650 ## - SUBJECT ADDED ENTRY--TOPICAL TERM | |
| Topical term or geographic name as entry element | Architecture, Domestics |
| Geographic subdivision | United States |
| 650 ## - SUBJECT ADDED ENTRY--TOPICAL TERM | |
| Topical term or geographic name as entry element | Architecture, Japanese |
| General subdivision | Influence |
| Geographic subdivision | United States |
| 700 ## - ADDED ENTRY--PERSONAL NAME | |
| Personal name | Mahoney, Jean |
| 942 ## - ADDED ENTRY ELEMENTS (KOHA) | |
| Source of classification or shelving scheme | |
| Koha item type | Hard Covered Materials |
| Classification part | NA 7208 .R36 1993 |
| Withdrawn status | Lost status | Source of classification or shelving scheme | Damaged status | Not for loan | Home library | Current library | Shelving location | Date acquired | Source of acquisition | Total Checkouts | Full call number | Barcode | Date last seen | Price effective from | Koha item type |
|---|---|---|---|---|---|---|---|---|---|---|---|---|---|---|---|
| MACHAKOS UNIVERSITY LIBRARY | MACHAKOS UNIVERSITY LIBRARY | Technical section | 07/10/2016 | Donation(BFA) | NA 7208 .R36 1993 | 26239 | 07/08/2018 | 07/10/2016 | Hard Covered Materials |